Heterosis in plant breeding (Record no. 25015)

MARC details
000 -LEADER
fixed length control field 00329nam a2200133Ia 4500
082 ## - DEWEY DECIMAL CLASSIFICATION NUMBER
Classification number 575.222.78
Item number JAN
100 ## - MAIN ENTRY--AUTHOR NAME
Personal name Janossy, A
245 #0 - TITLE STATEMENT
Title Heterosis in plant breeding
260 ## - PUBLICATION, DISTRIBUTION, ETC. (IMPRINT)
Place of publication Amsterdam
Name of publisher Elsevier
Year of publication 1974
650 ## - SUBJECT ADDED ENTRY--TOPICAL TERM
Topical Term Heterosis
700 ## - ADDED ENTRY--PERSONAL NAME
Personal name Lupton, F G H
942 ## - ADDED ENTRY ELEMENTS (KOHA)
Koha item type Books
Holdings
Withdrawn status Lost status Damaged status Not for loan Home library Current library Date acquired Full call number Accession Number Koha item type
        RRII Library RRII Library 16/12/2021 575.222.78 JAN 05678 Books